|
|
|
|
| LEADER |
00000nam a2200000 4500 |
| 008 |
150910b2010 mx ||||| |||| 00| | spa d |
| 020 |
|
|
|a 9786070215605 (UNAM)
|
| 020 |
|
|
|a 9786074022360 (Plaza y Valdés)
|
| 090 |
|
|
|a 18.01.01
|b 2272
|
| 100 |
1 |
|
|9 978
|a Sánchez Puentes, Ricardo
|
| 245 |
1 |
0 |
|a Enseñar a investigar: una didáctica nueva de la investigación en ciencias sociales y humana /
|c Ricardo Sánchez Puentes
|
| 260 |
|
|
|a México :
|b Universidad Nacional Autónoma de México,
|c 2010
|
| 300 |
|
|
|a 188 páginas
|
| 490 |
|
|
|a Educación superior contemporánea
|
| 650 |
1 |
4 |
|9 276
|a CIENCIAS SOCIALES
|
| 650 |
1 |
4 |
|9 163
|a INVESTIGACIÓN
|
| 650 |
1 |
4 |
|9 400
|a HUMANIDADES
|
| 942 |
|
|
|i 004053
|h 18.01.01 2272
|2 z
|c 01
|
| 999 |
|
|
|c 2862
|d 2862
|